| 000 | 01319nam0a2200337 4500 | ||
|---|---|---|---|
| 001 | RU\NLR\BIBL_A\012671371 | ||
| 005 | 20250624111214.0 | ||
| 010 |
_a978-5-389-11847-8 _93000 |
||
| 021 |
_aRU _b2021-55701 _9КН-П-4359 |
||
| 035 | _a(NLR Aleph) 012671371 | ||
| 090 |
_a12785951 _c12785951 |
||
| 100 | _a20211220d2021 |||y0rusy50 ca | ||
| 101 | 1 |
_arus _ceng |
|
| 102 |
_aRU _aUA |
||
| 105 | _ay|||z|||000 | ||
| 181 | 0 |
_ai _baxxe |
|
| 182 | 0 | _an | |
| 200 | 1 |
_aAssassin's Creed _iОтверженный _e[роман] _fОливер Боуден _gперевод с английского Игоря Иванова |
|
| 203 |
_aТекст _bвизуальный _cнепосредственный |
||
| 210 |
_aСанкт-Петербург [и др.] _cАзбука [и др.] _d2021 |
||
| 215 |
_a444, [2] с. _d21 |
||
| 300 | _aНа 4-й с. обл.: Основой для кн. послужила популяр. компьютер. игра компании "Ubisoft" | ||
| 320 | _aДр. кн. авт. на 2-й с. | ||
| 333 | _a16+ | ||
| 686 | 1 | _aШ6(4Вл)67-442(Лх1299-51) | |
| 700 | 1 |
_7ca _8rus _aБоуден _bО. _f1948- _gОливер _9162832 _3RU\NLR\AUTH\770162876 |
|
| 942 | _cBOOK | ||
| 980 | _aNB | ||